000
00381nam a2200133Ia 4500
008
100328s9999 xx 000 0 und d
082
_b
10813
100
_a
दत्ता केशव
245
_a
ांदेवाईक
260
_b
चित्रशाळा प्रेस
630
_a
ांदेवाईक
730
_a
ांदेवाईक
942
_c
BOOK
999
_c
506155
_d
506152